LEADER 01117nam--2200373---450- 001 990003326190203316 005 20091006144515.0 010 $a978-1-58829-698-6 035 $a000332619 035 $aUSA01000332619 035 $a(ALEPH)000332619USA01 035 $a000332619 100 $a20091006d2007----km-y0itay50------ba 101 $aeng 102 $aGB 105 $a||||||||001yy 200 1 $aPatch-Clamp methods and protocols$fedited by Peter Molnar, James J. Hickman 210 $aTotowa$cHumana press$d2007 215 $aXI, 321 p.$d24 cm 225 2 $aMethods in molecular biology$v403 410 0$12001$aMethods in molecular biology 606 0 $aElettrofisiologia$2BNCF 676 $a572.437 701 1$aHICKMAN,$bJames J.$0606198 702 1$aMOLNAR,$bPeter 801 0$aIT$bsalbc$gISBD 912 $a990003326190203316 951 $a572.437 PAT$b5051 farm.$c572.437$d00228541 959 $aBK 969 $aFAR 979 $aCHIARA$b90$c20091006$lUSA01$h1205 979 $aCHIARA$b90$c20091006$lUSA01$h1445 996 $aPatch-Clamp methods and protocols$91120327 997 $aUNISA LEADER 01014nam0-22003491i-450 001 990001627030403321 005 20200728130240.0 035 $a000162703 035 $aFED01000162703 035 $a(Aleph)000162703FED01 035 $a000162703 100 $a20030910d1979----km-y0itay50------ba 101 0 $aita 102 $aIT 105 $aa 001yy 200 1 $aBiochimica applicata$edalle lezioni di P.G. Righetti e G. Galli$f[a cura di] S. Cantaluppi e M. Righi 210 $aMilano$cCLESAV$d1979 215 $a222 p.$cill.$d24 cm 610 0 $aBiochimica 676 $a574.192 700 1$aRighetti,$bPier Giorgio$020410 701 1$aGalli,$bGiovanni Carlo$f<1939- >$0425321 702 1$aCantaluppi,$bSilvia 702 1$aRighi,$bM. 801 0$aIT$bUNINA$gRICA$2UNIMARC 901 $aBK 912 $a990001627030403321 952 $a60 574.192 B 12$b48069$fFAGBC 952 $a60 574.192 B 26$b49088$fFAGBC 959 $aFAGBC 996 $aBiochimica applicata$9366724 997 $aUNINA